| 000 | 00623nam a2200181 a 4500 | ||
|---|---|---|---|
| 001 | 000040710 | ||
| 005 | 20201002034324.0 | ||
| 008 | 130905s2010 sp 000 0 spa d | ||
| 020 | _a9788475093307 | ||
| 040 |
_aDO-SdBNP _bspa _cBNPHU |
||
| 245 | 0 | 0 |
_aEstética del cine : _bmontaje, narración, lenguaje / _cJacques Aumont...[et.al]; traducción de Núria Vidal. |
| 260 |
_aMadrid : _bPaidós, _c2010. |
||
| 300 |
_a329 p. : ; _c24 cm. |
||
| 504 | _aBibliographical: p. [297]-329 | ||
| 534 | _aTítulo original: Esthétique du film | ||
| 700 | 1 |
_aAumont, J. Jacques _q(Jacques) _967094 |
|
| 700 | 1 |
_aVidal, Nuria _etr. _967095 |
|
| 999 |
_c40200 _d40200 |
||